000 014980000a22003370004500
003 EG-GICUC
005 20250223032334.0
008 070317s2007 ua d f m 000 0 eng d
040 _aEG-GICUC
_beng
_cEG-GICUC
041 0 _aEng
049 _aDeposite
097 _aPh.D
099 _aCai01.13.02.Ph.D.2007.Ah.E
100 0 _aAhmed Khalaf Atieh
245 1 0 _aEnergy effeiciency in residential buildings :
_bA bioclimatic design approach of building envelope in Syria /
_cAhmed Khalaf Atieh ; Supervised Ahmed R.Abdin , Amr M.Elhalafawy
246 1 5 _aترشيد استهلاك الطاقة فى المبانى السكنية مدخل بيومناخى لتصميم الغلاف الخارجى فى سورية
260 _aCairo :
_bAhmed Khalaf Atieh ,
_c2007
300 _a241P :
_bcharts ;
_c30cm
502 _aThesis (PH.D.) - Cairo University - Faculty Of Engineering - Department Of Architectural Engineering
520 _aThe present study is one of the first attempts to describe a bioclimatic design approach to reduce both the annual required heating and cooling energy load for low - rise apartment buildings
530 _aIssued also as CD
653 4 _aBioclimatic design
653 4 _aCO2 emissiona
653 4 _aEnergy effeiciency
700 0 _aAhmed Reda Abdin ,
_eSupervisor
700 0 _aAmr Mustafa Elhalafawy ,
_eSupervisor
856 _uhttp://172.23.153.220/th.pdf
905 _aMustafa
_eRevisor
905 _aSamia
_eCataloger
942 _2ddc
_cTH
999 _c73088
_d73088